000 00722nam a2200241Ia 4500
003 OSt
005 20220923224348.0
006 a|||||r|||| 00| 0
007 ta
008 Pun
024 _a231,668
037 _cTextual
040 _aARTS
_cARTS
_bPun
041 _2Pun
_aPun
082 _aO153:g, N3
100 _aਗਿੱਲ, ਤੇਜਵੰਤ ਸਿੰਘ
245 0 _aਪੰਜਾਬੀ ਪ੍ਰਵਚਨ
260 _aਅਮ੍ਰਿਤਸਰ
_b ਵਾਰਿਸ Fਾਪ ਫਾਉਜ਼ਡੇFਨ
_c1993
300 _a345ਪੰ
_ccm.
650 _aਪੰਜਾਬੀ ਸਾਹਿਤ
942 _hO153:g, N3
_cTEXL
_2CC
999 _c370954
_d370954